Las Leyendas Nunca Mueren - Anuel AA - Statistics

General Stats
  • This quiz has been taken 38 times
  • The average score is 13 of 16
Answer Stats
Hint Answer % Correct
6. Mcgregor
95%
2.ft. Eladio Carrion North Carolina
95%
5. Pin
95%
3. 1942
91%
1. Real Hasta la Muerte
91%
15.ft. Myke Towers, Jhayco Subelo
91%
7. Llorando en un Ferrari
82%
16. Ultima Cancion
82%
9. Esa Cruz
77%
10. 300
73%
11. Exit
73%
14.ft. Mora Mi Voz Cuesta un Billon
73%
8. Leyenda
59%
4. Ric Flair
59%
12. Una Palabra
59%
13. Dictadura
55%
No matching quizzes found
Score Distribution
Percent of People with Each Score
Percentile by Number Answered
Your Score History
You have not taken this quiz